Phân tích các yếu tố ảnh hưởng đến lòng trung thành của khách hàng đối với siêu thị Co.opMart tại thành phố Cần Thơ : Luận văn Thạc sĩ Kinh tế. Chuyên ngành Quản trị kinh doanh

Đề tài tiến hành phân tích các yếu tố tác động đến lòng trung thành của khách hàng đối với siêu thị Co.opMart tại thành phố Cần Thơ nhằm đề xuất các giải pháp nâng cao sự thỏa mãn và lòng trung thành của khách hàng đối với siêu thị....

Descripción completa

Guardado en:
Detalles Bibliográficos
Autor principal: Huỳnh, Thị Dư
Formato: Libro
Lenguaje:Undetermined
Publicado: Cần Thơ Trường Đại học Cần Thơ 2015
Materias:
Etiquetas: Agregar Etiqueta
Sin Etiquetas, Sea el primero en etiquetar este registro!
Thư viện lưu trữ: Trung tâm Học liệu Trường Đại học Cần Thơ
LEADER 01258nam a2200217Ia 4500
001 CTU_201109
008 210402s9999 xx 000 0 und d
082 |a 658.8342 
082 |b D550 
088 |a 60340102 
100 |a Huỳnh, Thị Dư 
245 0 |a Phân tích các yếu tố ảnh hưởng đến lòng trung thành của khách hàng đối với siêu thị Co.opMart tại thành phố Cần Thơ : 
245 0 |b Luận văn Thạc sĩ Kinh tế. Chuyên ngành Quản trị kinh doanh 
245 0 |c Huỳnh Thị Dư ; Lưu Tiến Thuận (Cán bộ hướng dẫn) 
260 |a Cần Thơ 
260 |b Trường Đại học Cần Thơ 
260 |c 2015 
520 |a Đề tài tiến hành phân tích các yếu tố tác động đến lòng trung thành của khách hàng đối với siêu thị Co.opMart tại thành phố Cần Thơ nhằm đề xuất các giải pháp nâng cao sự thỏa mãn và lòng trung thành của khách hàng đối với siêu thị. 
650 |a Customer services,Phục vụ khách hàng 
910 |a Khoa,Hải 
980 |a Trung tâm Học liệu Trường Đại học Cần Thơ